| 000 | 01632nam a2200397Ii 4500 | ||
|---|---|---|---|
| 001 | DIGVEDIV0560 | ||
| 003 | NyNyDIG | ||
| 008 | 230705s2023 sp ob 000 0 spa d | ||
| 006 | m o d | ||
| 007 | cr ||||||||||| | ||
| 035 | _a(OCoLC)1391273338 | ||
| 040 |
_aDGITA _beng _erda _epn _cDGITA |
||
| 020 |
_a9788490738788 _qeBook |
||
| 020 | _z9788490738771 | ||
| 050 | 1 | 4 | _aBS517.3 ebook |
| 100 | 1 |
_aTrebolle Barrera, Julio C., _eauthor. |
|
| 245 | 1 | 3 |
_aLa Biblia desde los márgenes : _binvestigación y divulgación / _cJulio Trebolle Barrera. |
| 264 | 1 |
_aEstella (Navarra), España : _bEVD, Editorial Verbo Divino, _c[2023] |
|
| 300 | _a1 online resource. | ||
| 336 |
_atext _btxt _2rdacontent |
||
| 337 |
_acomputer _bc _2rdamedia |
||
| 338 |
_aonline resource _bcr _2rdacarrier |
||
| 347 |
_atext file _2rdaft |
||
| 347 | _bEPUB | ||
| 490 | 1 |
_aAsociación Bíblica Española. Artículos selectos ; _v03 |
|
| 588 | 0 | _aOnline resource; title from ePub title page (Digitalia, viewed July 5, 2023) | |
| 504 | _aIncludes bibliographical references. | ||
| 630 | 0 | 0 |
_aBible _xCriticism, interpretation, etc. |
| 791 | 2 |
_aDigitalia (Firm), _edistributor. |
|
| 793 | 0 |
_gDigitalia eBook Collection: _aEditorial Verbo Divino |
|
| 776 | 0 | 8 |
_iPrint version: _aTrebolle Barrera, Julio C. _tBiblia desde los márgenes. _dEstella (Navarra), España : EVD, Editorial Verbo Divino, [2023] _z9788490738771 |
| 830 | 0 |
_aAsociación Bíblica Española (Series). Artículos selectos ; _v03. |
|
| 856 | 4 | 0 |
_3Digitalia Hispánica _uhttps://www.digitaliapublishing.com/a/125806/ |
| 910 | _aPremium collection: 2023 | ||
| 942 | _cRAA | ||
| 999 |
_c277647 _d277647 |
||